Principles of Polymer Engineering / (Record no. 11893)
[ view plain ]
| 000 -LEADER | |
|---|---|
| fixed length control field | 01208cam a2200301 a 4500 |
| 001 - CONTROL NUMBER | |
| control field | 531511 |
| 005 - DATE AND TIME OF LATEST TRANSACTION | |
| control field | 20070430113424.0 |
| 008 - FIXED-LENGTH DATA ELEMENTS--GENERAL INFORMATION | |
| fixed length control field | 870121s1988 enka b 001 0 eng |
| 010 ## - LIBRARY OF CONGRESS CONTROL NUMBER | |
| LC control number | 87001658 |
| 020 ## - INTERNATIONAL STANDARD BOOK NUMBER | |
| International Standard Book Number | 0198561520 (pbk.) |
| Terms of availability | $29.50 |
| 020 ## - INTERNATIONAL STANDARD BOOK NUMBER | |
| International Standard Book Number | 0198561555 (hard) |
| Terms of availability | $55.00 |
| 040 ## - CATALOGING SOURCE | |
| Original cataloging agency | DLC |
| Transcribing agency | DLC |
| Modifying agency | DLC |
| 050 00 - LIBRARY OF CONGRESS CALL NUMBER | |
| Classification number | TA455.P58 |
| Item number | M334 1988 |
| 082 00 - DEWEY DECIMAL CLASSIFICATION NUMBER | |
| Classification number | 668.9 |
| Edition number | 19 |
| Item number | MCC |
| 100 1# - MAIN ENTRY--PERSONAL NAME | |
| Personal name | McCrum, N. G. |
| 9 (RLIN) | 6442 |
| 245 10 - TITLE STATEMENT | |
| Title | Principles of Polymer Engineering / |
| Statement of responsibility, etc | N.G. McCrum, C.P. Buckley, C.B. Bucknall. |
| 260 ## - PUBLICATION, DISTRIBUTION, ETC. (IMPRINT) | |
| Place of publication, distribution, etc | Oxford [Oxfordshire] ; |
| -- | New York : |
| Name of publisher, distributor, etc | Oxford University Press, |
| Date of publication, distribution, etc | c1988. |
| 300 ## - PHYSICAL DESCRIPTION | |
| Extent | xii, 391 p. : |
| Other physical details | ill. ; |
| Dimensions | 24 cm. |
| 500 ## - GENERAL NOTE | |
| General note | |
| 504 ## - BIBLIOGRAPHY, ETC. NOTE | |
| Bibliography, etc | Includes bibliographical references: p. 375-377and index. |
| 650 #0 - SUBJECT ADDED ENTRY--TOPICAL TERM | |
| Topical term or geographic name as entry element | Polymer engineering. |
| 9 (RLIN) | 6443 |
| 700 1# - ADDED ENTRY--PERSONAL NAME | |
| Personal name | Buckley, C. P. |
| 9 (RLIN) | 6444 |
| 700 1# - ADDED ENTRY--PERSONAL NAME | |
| Personal name | Bucknall, C. B. |
| 9 (RLIN) | 6445 |
| 856 42 - ELECTRONIC LOCATION AND ACCESS | |
| Materials specified | Publisher description |
| Uniform Resource Identifier | <a href="http://www.loc.gov/catdir/enhancements/fy0640/87001658-d.html">http://www.loc.gov/catdir/enhancements/fy0640/87001658-d.html</a> |
| 856 41 - ELECTRONIC LOCATION AND ACCESS | |
| Materials specified | Table of contents only |
| Uniform Resource Identifier | <a href="http://www.loc.gov/catdir/enhancements/fy0640/87001658-t.html">http://www.loc.gov/catdir/enhancements/fy0640/87001658-t.html</a> |
| 942 ## - ADDED ENTRY ELEMENTS (KOHA) | |
| Source of classification or shelving scheme | Dewey Decimal Classification |
| Item type | Book - Borrowing |
| Withdrawn status | Item status | Source of classification or shelving scheme | Damaged status | Not for loan | Vendor | Home library | Current library | Shelving location | Date acquired | Source of acquisition | Cost, normal purchase price | Total Checkouts | Total Renewals | Full call number | Barcode | Date last seen | Date last borrowed | Koha item type |
|---|---|---|---|---|---|---|---|---|---|---|---|---|---|---|---|---|---|---|
| Dewey Decimal Classification | Alef-Baa | Central Library | Central Library | First floor | 18/06/2009 | 150.00 | 2 | 1 | 668.9 MCC | 000016885 | 15/07/2025 | 19/10/2022 | Book - Borrowing |